City government and urban problems : a new introduction to urban politics

Bibliographic Details
Main Author: Caraley, Demetrios
Format: Book
Published: New Jersey : Prentice Hall Incorporation , 1977
Subjects:

MARC

LEADER 00000cam a2200000 7i4500
001 0000008229
005 20150622.0
020 |a 0131349732 
040 |a INS 
090 0 0 |a JS331   |b C33 1977 
100 1 |a Caraley, Demetrios 
245 1 0 |a City government and urban problems :   |b a new introduction to urban politics   |c Demetrios Caraley 
260 |a New Jersey :   |b Prentice Hall Incorporation ,   |c 1977 
300 |a 448p. :   |b ill. ;   |c 24 cm. 
650 0 0 |a Cities and towns   |z United States 
650 0 0 |a Municipal government   |z United States 
999 |a 0000021909   |b BOOK   |c Open Shelf   |e Default branch